Thermodynamics : (Record no. 20861)
[ view plain ]
| 000 -LEADER | |
|---|---|
| fixed length control field | 00921nam a22002775a 4500 |
| 005 - DATE AND TIME OF LATEST TRANSACTION | |
| control field | 20201128023556.0 |
| 008 - FIXED-LENGTH DATA ELEMENTS--GENERAL INFORMATION | |
| fixed length control field | 150928t2015 nyua frb 001 0 eng d |
| 020 ## - INTERNATIONAL STANDARD BOOK NUMBER | |
| International Standard Book Number | 9789814595292 |
| 020 ## - INTERNATIONAL STANDARD BOOK NUMBER | |
| International Standard Book Number | 9814595292 |
| 040 ## - CATALOGING SOURCE | |
| Original cataloging agency | EG-ScBUE |
| Language of cataloging | eng |
| Transcribing agency | EG-ScBUE |
| 082 04 - DEWEY DECIMAL CLASSIFICATION NUMBER | |
| Classification number | 621.4021 |
| Item number | CEN |
| Edition number | 22 |
| 100 1# - MAIN ENTRY--PERSONAL NAME | |
| Personal name | Çengel, Yunus A. |
| 9 (RLIN) | 38442 |
| 245 10 - TITLE STATEMENT | |
| Title | Thermodynamics : |
| Remainder of title | an engineering approach / |
| Statement of responsibility, etc | Yunus A. Çengel, Michael A. Boles ; adapted by Mehmet Kanoglu. |
| 250 ## - EDITION STATEMENT | |
| Edition statement | 8th ed., SI units. |
| 260 ## - PUBLICATION, DISTRIBUTION, ETC. (IMPRINT) | |
| Place of publication, distribution, etc | New York : |
| Name of publisher, distributor, etc | McGraw-Hill Education, |
| Date of publication, distribution, etc | c.2015. |
| 300 ## - PHYSICAL DESCRIPTION | |
| Extent | xxvi, 954 p. : |
| Other physical details | ill. (col.) ; |
| Dimensions | 26 cm. |
| 500 ## - GENERAL NOTE | |
| General note | Index : p. 947-954. |
| 504 ## - BIBLIOGRAPHY, ETC. NOTE | |
| Bibliography, etc | Includes bibliographical references. |
| 650 #7 - SUBJECT ADDED ENTRY--TOPICAL TERM | |
| Source of heading or term | BUEsh |
| 9 (RLIN) | 1919 |
| Topical term or geographic name as entry element | Thermodynamics. |
| 651 ## - SUBJECT ADDED ENTRY--GEOGRAPHIC NAME | |
| Source of heading or term | BUEsh |
| 653 ## - INDEX TERM--UNCONTROLLED | |
| Resource For college | Engineering, Mechanical |
| Arrived date list | September2015 |
| 655 ## - INDEX TERM--GENRE/FORM | |
| Form subdivision | Text book |
| -- | 33728 |
| 700 1# - ADDED ENTRY--PERSONAL NAME | |
| Personal name | Boles, Michael A. |
| 700 1# - ADDED ENTRY--PERSONAL NAME | |
| Personal name | Kanoglu, Mehmet, |
| Relator term | editor. |
| 942 ## - ADDED ENTRY ELEMENTS (KOHA) | |
| Source of classification or shelving scheme | Dewey Decimal Classification |
| Call number prefix | 621.4021 CEN |
| Withdrawn status | Item status | Source of classification or shelving scheme | Damaged status | Not for loan | Vendor | Home library | Current library | Shelving location | Date acquired | Source of acquisition | Total Checkouts | Full call number | Barcode | Date last seen | Koha item type | Total Renewals | Date last borrowed |
|---|---|---|---|---|---|---|---|---|---|---|---|---|---|---|---|---|---|
| Dewey Decimal Classification | Baccah | Central Library | Central Library | First floor | 28/09/2015 | Purchase | 621.4021 CEN | 000030955 | 15/07/2025 | NB - Book (Non borrowing) | |||||||
| Dewey Decimal Classification | Baccah | Central Library | Central Library | First floor | 28/09/2015 | Purchase | 12 | 621.4021 CEN | 000030958 | 22/10/2025 | Book - Borrowing | 175 | 27/03/2025 | ||||
| Dewey Decimal Classification | Baccah | Central Library | Central Library | First floor | 28/09/2015 | Purchase | 14 | 621.4021 CEN | 000030957 | 15/07/2025 | Book - Borrowing | 114 | 02/10/2022 | ||||
| Dewey Decimal Classification | Baccah | Central Library | Central Library | First floor | 28/09/2015 | Purchase | 16 | 621.4021 CEN | 000030956 | 23/11/2025 | Book - Borrowing | 117 | 09/11/2025 |